<?xml version="1.0" encoding="UTF-8"?>
<marc:record xmlns:marc="http://www.loc.gov/MARC21/slim">
   <marc:leader>00000nam a2200000 a 4500</marc:leader>
   <marc:datafield ind1="1" ind2=" " tag="100">
      <marc:subfield code="a">Ribas, Gerard</marc:subfield>
      <marc:subfield code="4">aut</marc:subfield>
      <marc:subfield code="e">Verfasser/-in</marc:subfield>
   </marc:datafield>
   <marc:datafield ind1=" " ind2=" " tag="653">
      <marc:subfield code="a">Pirat</marc:subfield>
   </marc:datafield>
   <marc:datafield ind1=" " ind2=" " tag="653">
      <marc:subfield code="a">Merken</marc:subfield>
   </marc:datafield>
   <marc:datafield ind1=" " ind2=" " tag="653">
      <marc:subfield code="a">kooperativ</marc:subfield>
   </marc:datafield>
   <marc:datafield ind1="0" ind2="0" tag="245">
      <marc:subfield code="a">Käpt'n Kuck</marc:subfield>
   </marc:datafield>
   <marc:datafield ind1="0" ind2="0" tag="245">
      <marc:subfield code="c">Ribas, Gerard</marc:subfield>
   </marc:datafield>
   <marc:datafield ind1=" " ind2="1" tag="264">
      <marc:subfield code="a">Friedberg</marc:subfield>
      <marc:subfield code="b">Pegasus Spiele GmbH</marc:subfield>
      <marc:subfield code="c">2024</marc:subfield>
   </marc:datafield>
   <marc:datafield ind1="1" ind2=" " tag="520">
      <marc:subfield code="a">"In dem kooperativen Memo-Spiel Käpt’n Kuck für kleine Schatzsuchende wird zu Spielbeginn eine Schatzinsel-Karte aufgedeckt, die sich alle Spielenden gut einprägen müssen. Die Spielenden gucken danach reihum durch das Fernrohr auf zufällig sortierte Motive. Entscheidet sich die Gruppe dafür, dass das Motiv Teil ihrer Schatzinsel-Karte ist, bewegt sich ihr Boot vorwärts. Doch Vorsicht: Ist eine Piratenflagge zu sehen, greifen die fiesen Piraten an und versuchen in einem Kanonen-Würfelduell das Boot zu kentern. Sobald die Gruppe die Insel erreicht, wird geprüft, ob es die gesuchte Insel ist. Ansonsten haben die Spielenden verloren und müssen es gleich nochmal versuchen …"</marc:subfield>
   </marc:datafield>
</marc:record>
